College Quizbowl Stats
College Quizbowl Stats
Circuits
Seasons
Sets
Records
Detailed Stats
About
Loading...
2024 Penn Bowl Playtest
Tossups
Bonuses
Players
Teams
Categories (Tossup)
Categories (Bonus)
Anwen Kelleher
N/A
Categories
Category
Powers
Gets
Negs
BBs
Points
Earliest Buzz
Avg. Buzz
First Buzzes
Top 3 Buzzes
Fine Arts - Auditory Fine Arts
1
0
0
0
15
46
46.00
1
1
History - European History
1
0
0
1
15
45
45.00
1
1
Social Science
0
1
0
1
10
119
119.00
0
1
Fine Arts - Other Fine Arts
0
0
1
0
-5
0.00
0
0
Religion
0
0
2
0
-10
0.00
0
0
Buzzes
Category
Answer
Value
Buzz Position
Fine Arts - Other Fine Arts
Black Orpheus
-5
31
History - European History
Basque
15
45
Fine Arts - Auditory Fine Arts
Tosca
15
46
Religion
Twelve Days of Christmas
-5
84
Social Science
conservatives
10
119
Religion
green
-5
131
Previous
1
Next